Зарубежная повесть: по страницам журнала "Иностранная литература" 1955-1975; [сборник]; Женщина в песках; Пленник; Авария; Жаркий полдень; Леопард; Час пик; Над пропастью во ржи; Семья Тотов

Bibliographic Details
Other Authors: Ашкенази В. (составитель), Горбачева Т. (редактор)
Language:Russian
Published: Москва, Прогресс, 1975
TOC:К. Абэ, Женщина в песках;
Э. Вериссимо, Пленник;
Ф. Дюрренматт, Авария;
Й. Радичков, Жаркий полдень;
В. Рид, Леопард;
Е. Ставинский, Час пик;
Дж. Д. Сэлинджер, Над пропастью во ржи;
И. Эркень, Семья Тотов;
Subjects:
Format: MixedMaterials Book
KOHA link:https://koha.lib.tpu.ru/cgi-bin/koha/opac-detail.pl?biblionumber=127576

MARC

LEADER 00000nam0a2200000 4500
001 127576
005 20231101220049.0
020 |a RU  |b 80-36655 
035 |a (RuTPU)RU\TPU\book\138018 
090 |a 127576 
100 |a 20071218d1975 m y0rusy5003 ca 
101 1 |a rus  |c jap  |c por  |c ger  |c bul  |c eng  |c pol  |c hun 
102 |a RU 
105 |a y z 000ay 
200 1 |a Зарубежная повесть  |e по страницам журнала "Иностранная литература" 1955-1975  |e [сборник]  |f сост. В. Ашкенази ; под ред. Т. Горбачевой 
210 |a Москва  |c Прогресс  |d 1975 
215 |a 944 с. 
464 |t Женщина в песках  |o пер. с япон.  |f К. Абэ 
464 |t Пленник  |o пер. с португ.  |f Э. Вериссимо 
464 |t Авария  |o пер. с нем.  |f Ф. Дюрренматт 
464 |t Жаркий полдень  |o пер. с болг.  |f Й. Радичков 
464 |t Леопард  |o пер. с англ.  |f В. Рид 
464 |t Час пик  |o пер. с польск.  |f Е. Ставинский 
464 |t Над пропастью во ржи  |o пер. с англ.  |f Дж. Д. Сэлинджер 
464 |t Семья Тотов  |o пер. с венг.  |f И. Эркень 
606 1 |a Зарубежная литература  |2 stltpush  |3 (RuTPU)RU\TPU\subj\11363  |9 38310 
610 1 |a японская литература 
610 1 |a португальская литература 
610 1 |a немецкая литература 
610 1 |a болгарская литература 
610 1 |a английская литература 
610 1 |a польская литература 
610 1 |a венгерская литература 
610 1 |a зарубежная литература 
610 1 |a повести 
610 1 |a проза 
610 1 |a сборники 
675 |a 89  |v 3 
702 1 |a Ашкенази  |b В.  |4 220 
702 1 |a Горбачева  |b Т.  |4 340 
801 0 |a RU  |b RuMRKP  |c 19950704  |g psbo 
801 1 |a RU  |b 63413507  |c 20071218  |g PSBO 
801 2 |a RU  |b 63413507  |c 20221010  |g PSBO 
942 |c BK